000 00896cam a2200169ua 4500
020 _c2
041 _aeng
_h
082 _a891.43
_bKRI/KA
110 1 _aKrishan .
_bChander
_c()
245 _aKanch Ke Tukare /
_cChander Krishan.
_hTextual Documents
260 _a :
_bHind Pocket Books Pvt Ltd ,
_c1981.
300 _a124 ; .
365 _a2
504 _a
942 _cBK
999 _c2828
_d2828